Business Intelligence vo finančných inštitúciách
BI vo finančnej sfére - súčasný stav problematiky doma a v zahraničí. Využitie BI vo finančníctve. BI pri odhaľovaní poistných podvodov. Využitie BI pri napĺňaní povinností vyplývajúcich zo Solvency II. Trendy v oblasti BI.
Saved in:
| Main Author: | |
|---|---|
| Other Authors: | , |
| Format: | Book Chapter |
| Language: | Slovak |
| Subjects: | |
| Tags: |
No Tags, Be the first to tag this record!
|
MARC
| LEADER | 00000nla a2200000 4500 | ||
|---|---|---|---|
| 001 | 0190520 | ||
| 005 | 20240610091226.2 | ||
| 041 | 0 | |a slo | |
| 044 | |a SK | ||
| 245 | 1 | 0 | |a Business Intelligence vo finančných inštitúciách |c Rastislav Šupšák, Vladimír Bolek, Jana Budayová |
| 520 | |a BI vo finančnej sfére - súčasný stav problematiky doma a v zahraničí. Využitie BI vo finančníctve. BI pri odhaľovaní poistných podvodov. Využitie BI pri napĺňaní povinností vyplývajúcich zo Solvency II. Trendy v oblasti BI. | ||
| 610 | 2 | 0 | |a podnik |
| 610 | 2 | 0 | |a manažment informačný |
| 610 | 2 | 0 | |a manažment finančný |
| 610 | 2 | 0 | |a business intelligence |
| 610 | 2 | 0 | |a systémy informačné manažérske |
| 100 | 1 | |a Šupšák, Rastislav, 1988- | |
| 700 | 1 | |a Bolek, Vladimír, 1988- | |
| 700 | 1 | |a Budayová, Jana | |